Significado y perspectiva de la integración Europea para América Latina /

में बचाया:
ग्रंथसूची विवरण
मुख्य लेखक: Aragao, José María
स्वरूप: मूलपाठ
टैग: टैग जोड़ें
कोई टैग नहीं, इस रिकॉर्ड को टैग करने वाले पहले व्यक्ति बनें!

MARC

LEADER 00000 a a2200000 04500
001 16071
003
040
100 |a Aragao, José María  
245 |a Significado y perspectiva de la integración Europea para América Latina /  |c José María Aragao 
773 |g número 15; páginas 53-79  
999 |c 25001  |d 25001